The Wild lake : (Record no. 14031)

MARC details
000 -LEADER
fixed length control field 01179cam a2200301 a 4500
001 - CONTROL NUMBER
control field 4886166
003 - CONTROL NUMBER IDENTIFIER
control field 000
005 - DATE AND TIME OF LATEST TRANSACTION
control field 20170724101404.0
007 - PHYSICAL DESCRIPTION FIXED FIELD--GENERAL INFORMATION
fixed length control field 000
008 - FIXED-LENGTH DATA ELEMENTS--GENERAL INFORMATION
fixed length control field 930426s1992 ke ab b 000 0 eng
010 ## - LIBRARY OF CONGRESS CONTROL NUMBER
LC control number 92983022
020 ## - INTERNATIONAL STANDARD BOOK NUMBER
International Standard Book Number 9966896015
040 ## - CATALOGING SOURCE
Original cataloging agency UOEL
Transcribing agency DLC
043 ## - GEOGRAPHIC AREA CODE
Geographic area code f-tz---
050 00 - LIBRARY OF CONGRESS CALL NUMBER
Classification number GB1399.5.T34
Item number W55 1992
082 00 - DEWEY DECIMAL CLASSIFICATION NUMBER
Classification number 363.3/09678
Edition number 20
245 04 - TITLE STATEMENT
Title The Wild lake :
Remainder of title the 1990 floods in Babati, Tanzania--rehabilitation and prevention /
Statement of responsibility, etc. C.Å. Gerdén ... [et al.].
260 ## - PUBLICATION, DISTRIBUTION, ETC. (IMPRINT)
Place of publication, distribution, etc. Nairobi :
Name of publisher, distributor, etc. Regional Soil Conservation Unit, Swedish International Development Authority,
Date of publication, distribution, etc. 1992.
300 ## - PHYSICAL DESCRIPTION
Extent xvii, 58 p. :
Other physical details ill. (some col.), maps ;
Dimensions 30 cm.
490 1# - SERIES STATEMENT
Series statement Report / Regional Soil Conservation Unit ;
Volume/sequential designation no. 2
504 ## - BIBLIOGRAPHY, ETC. NOTE
Bibliography, etc Includes bibliographical references (p. 46).
650 #0 - SUBJECT ADDED ENTRY--TOPICAL TERM
Topical term or geographic name as entry element Floods
Geographic subdivision Tanzania
-- Babati Region.
700 1# - ADDED ENTRY--PERSONAL NAME
Personal name Gerdén, C. Å.
830 #0 - SERIES ADDED ENTRY--UNIFORM TITLE
Uniform title Report (Sweden. Regionala markvårdsenheten) ;
Volume number/sequential designation no. 2.
906 ## - LOCAL DATA ELEMENT F, LDF (RLIN)
a 7
b cbc
c orignew
d 3
e ncip
f 19
g y-gencatlg
942 ## - ADDED ENTRY ELEMENTS (KOHA)
Source of classification or shelving scheme Library of Congress Classification
Koha item type SES Book
Holdings
Withdrawn status Lost status Source of classification or shelving scheme Damaged status Not for loan Home library Current library Shelving location Date acquired Total Checkouts Full call number Barcode Date last seen Copy number Price effective from Koha item type
    Library of Congress Classification     UOE Main Library UOE Main Library Open shelf 24/07/2017   GB1399.5.T34 W55 1992 20007347 27/04/2026 20007347 24/07/2017 SES Book